| 000 | 00557nam a22001697a 4500 | ||
|---|---|---|---|
| 003 | OSt | ||
| 005 | 20130611134034.0 | ||
| 008 | 130611s1972 sp ||||| |||| 00| 0 spa d | ||
| 040 | _cCDMR | ||
| 110 | 2 |
_93753 _aServicio Informativo Documental Español |
|
| 245 | 1 | 4 | _aLos medios de comunicación en la sociedad |
| 260 |
_aMadrid _bServicio Informativo Documental Español _c1972 |
||
| 300 | _a39 p. | ||
| 490 | 0 |
_aTextos y documentos. Temas políticos y sociales _v20 |
|
| 650 | 0 | 4 |
_92757 _aMitjans de comunicació de massa _xAspectes socials |
| 942 |
_2udc _cFULLET |
||
| 999 |
_c6451 _d6451 |
||